000 00401nam a22001697a 4500
003 koha_MIRAKIL
005 20231213095409.0
008 231213b |||||||| |||| 00| 0 ||| d
040 _aTR-IsEVY
_btur
_cTR-IsEVY
082 _a956 ATA/Ç
100 _aATAY, FALİH RIFKI.
245 0 _aÇANKAYA.
260 _bPOZİTİF YAYINLARI,
300 _a653.
650 _aTürk Tarihi.
942 _2ddc
_cBK
999 _c2940
_d2940